000
00308pam a2200133 a 4500
020
_c
041
_h
100
_a
George B. Schaller,
_e
Author.
245
_a
The Deer and The Tiger
_h
Textual Documents
250
_a
1st.
260
_a
[s.l]:
_b
Natraj Publisher Dehar Dun
300
_a
370.
930
_a
2332
999
_c
248183
_d
248183